| 000 | 00455nam a2200169Ia 4500 | ||
|---|---|---|---|
| 003 | GCL | ||
| 008 | 140319s9999 xx 000 0 eng d | ||
| 040 |
_aGCL / _cGCL |
||
| 082 | 0 | 4 |
_a005.13 _bP V |
| 100 | 1 | _aPERRY, GREG | |
| 245 | 1 | 0 |
_aVISUAL BASIC IN 12 EASY LESSONS / _cPERRY, GREG |
| 260 |
_a[S.N] : _bSAMS PUBLISHING ، _c1994 |
||
| 300 | _a638 P | ||
| 650 | 0 | 4 | _aشعر الحرب |
| 650 | 0 | 4 | _aBASIC (COMPUTER PROGRAM LANGUAGE ) |
| 942 |
_2ddc _cBK |
||
| 999 |
_c10881 _d10881 |
||